All minecraft advancements 1.20 - Statistics

General Stats
  • This quiz has been taken 251 times
    183 since last reset
  • The average score is 49 of 105
Answer Stats
Hint Answer % Correct
Get cobblestone. Stone age
83%
Get a diamond. Diamonds!
82%
Get a better pickaxe. Getting an upgrade
82%
Fill an end portal with eyes of ender andjump in. The end?
81%
Use a shield to block a projectile. Not today, thank you
76%
Collect lava with a bucket. Hot stuff
75%
Make a nether portal and go through it. We need to go deeper
74%
Enchant something using the enchanting table. Enchanter
72%
Hit a ghast's fireball back at it. Return to sender
72%
Put on a piece of iron armor. Suit up
71%
Put on any piece of diamond armor. Cover me with diamonds
70%
Follow an eye of ender into a stronghold. Eye spy
70%
Get an iron pickaxe. Isn't it iron pick
70%
Obtain obsidian. Ice bucket challenge
69%
Get a blaze rod. Into fire
66%
Kill any hostile mob. Monster hunter
66%
Get a full set of netherite armor. Cover me in debris
65%
Sleep in a bed. Sweet dreams
65%
Use a golden apple and a weakness potion to turn a zombie villager back to normal. Zombie doctor
65%
Kill the ender dragon. Free the end
64%
Have every single effect on you at the same time. How did we get here?
64%
Start a new world. Minecraft
64%
Use four end crystals to respawn the ender dragon. The end... Again...
63%
Obtain crying obsidian. Who is cutting onions?
63%
Distract an angry piglin with some gold ingots. Oh shiny
61%
Sneak past a sculk sensor without alerting it. Sneak 100
60%
Obtain iron. Acquire hardware
59%
Defeat a raid. Hero of the village
59%
Look at a parrot through a spyglass. Is it a bird?
59%
Enter a nether fortress. A terrible fortress
56%
Look at the ender dragon through a spyglass. Is it a plane?
56%
Enter a bastion remnant. Those were the days
56%
Look at a ghast through a spyglass. Is it a balloon?
55%
Loot a chest inside of a bastion remnant. War pigs
55%
Obtain a wither skeleton skull. Spooky scary skeleton
53%
Obtain the dragon egg. The next generation
53%
Build a max-sized pyramid under a beacon and gain it's full power. Beaconator
52%
Hit the bullseye of a target block from atleast 30 blocks away. Bullseye
52%
Kill a skeleton with an arrow from at least 50 blocks away. Sniper duel
52%
Travel a total of 7000 blocks in the overworld by using nether portals. Subspace bubble
52%
Shoot an arrow and hit any entity. Take aim
52%
Visit every biome in the nether. Hot tourist destinations
51%
Shoot a crossbow. Ol' betsy
50%
Use an elytra to glide. Sky's the limit
50%
Tame any tameable animal. Best friends forever
49%
Avoid death by holding a totem of undying. Postmortal
49%
Make a netherite hoe. Serious dedication
49%
Trade with a villager at build height. Star trader
49%
Breed two animals together. The parrots and the bats
49%
Bring a ghast to the overworld and kill it. Uneasy alliance
49%
Kill a pillager with a crossbow. Who's the pillager now?
48%
Put three wither skeleton skulls on foursoul sand blocks in a t-shape and spawn the wither. Withering heights
48%
Plant a seed. A seedy place
47%
Get a trident and throw it. A throwaway joke
47%
Make sculk spread by killing a mob near a sculk catalyst. It spreads
47%
Brew a potion on a brewing stand. Local brewery
47%
Break your fall by sliding on the side of a honey block. Sticky situation
47%
Explore the end islands and enter an end city. The city at the end of the game
47%
Fall all the way from build height to the lowest bedrock layer without dying. Caves & Cliffs
46%
Build an iron golem. Hired help
46%
Catch a fish with a bucket. Tactical fishing
46%
Put a saddle on a strider and ride on it with a warped fungus on a stick. This boat has legs
46%
Apply a honeycomb onto a copper block to wax it. Wax on
46%
Get all of the potion effects at once. A furious cocktail
45%
Remove the wax from a copper block with an axe. Wax off
45%
Obtain a block of aincent debris. Hidden in the depths
42%
Trade with a villager. What a deal!
41%
Visit all the existing overworld biomes. Adventuring time
39%
Build a beacon, place it on at least a 3x3 square of ore blocks and activate it. Bring home the beacon
39%
Levitate 50 blocks into the air from shulker bullets. Great view from up there
39%
Kill two phantoms with one pearcing arrow from a crossbow. Two birds, one arrow
39%
Eat every single eatable item. A balanced diet
38%
Use some glowstone on a respawn anchor and set your spawn in the nether,. Not quite "nine" lives
38%
Kill one of every hostile mob. Monsters hunted
37%
Use a compass on a lodestone. Country lode, take me home
35%
Walk over powdered snow with leather boots on. Light as a rabbit
35%
Catch an axolotl in a bucket. The cutest predator
35%
Collect some of the ender dragon's breath in a bottle. You need a mint
35%
Move a full bee nest with a silk touch tool. Total beelocation
34%
Find a goat, place down a boat and get in the boat with the goat. Whatever floats your goat!
34%
Catch a fish with a fishing rod. Fishy business
33%
Get all the breedable mobs to have babies. Two by two
33%
Kill a pillager captain and get the bad omen effect. Voluntary exile
31%
Kill five different mobs in one crossbow shot. Arbalistic
30%
Ride a strider over 50 blocks oflava in the overworld. Feels like home
30%
Attract a bolt of lightning with a lightning rod in a village. Surge protector
28%
Find and tame all the 11 cat types. A complete catalogue
27%
Use a campfire to collect honey from a beehive without angering the bees. Bee our guest
27%
Get into an end gateway and travel to the end islands. Remote getaway
27%
Trim your armor on the smithing table. Crafting a new look
25%
Make an allay drop a cake at a note block. Birthday song
24%
Use a jukebox in the meadow biome. Sound of music
24%
Hit a villager with lightning by using a channeling trident. Very very frightening
24%
Make a sign glow by using a glow ink sac. Glow and behold
22%
Catch a tadpole in a bucket. Bukkit bukkit
19%
Help an axolotl kill a mob and gain the regeneration effect. The healing power of friendship
17%
Get all 3 frog variants on a lead. When the squad hops into town
17%
Obtain all the different froglights. With our powers combined
16%
Find a sniffer egg. Smells interesting
15%
Plant a seed dug up by a sniffer. Planting the past
14%
Feed a snifflet (a baby sniffer). Little sniffs
13%
Use a brush on suspicious sand or graveland uncover its treasure. Respecting the remnants
13%
Apply all 8 different armor trims to somearmor pieces. Smithing with style
13%
Have an allay drop an item at you. You've got a friend in me
13%
Craft a decorated pot. Careful restoration
11%
No matching quizzes found
Score Distribution
Percent of People with Each Score
Percentile by Number Answered
Your Score History
You have not taken this quiz since the last reset